| 000 | 00693nam a2200205 a 4500 | ||
|---|---|---|---|
| 005 | 20230525063535.0 | ||
| 008 | 991125s1994 mx 000 0 spa u | ||
| 020 | _a9684308094 | ||
| 035 | _aUPN01000007802 | ||
| 049 | _aLT | ||
| 050 | 4 |
_aLB1585 M6.3 _bH4.2 |
|
| 100 | 1 | _aHernández Valverde, Gabriel | |
| 245 | 1 | 0 |
_aCiencias 3 : _beducación primaria / _cGabriel Hernández Valverde, Irma Yolanda Bernal Mariscal |
| 260 |
_aMéxico : _bSantillana, _c1994. |
||
| 300 |
_a127 p. : _bil., col. |
||
| 500 | _a"Basado en el nuevo programa de estudio" | ||
| 650 | 4 |
_aCiencias naturales _xEstudio y enseñanza (Elemental) _92812 |
|
| 700 | 2 |
_aBernal Mariscal, Irma Yolanda, _ecoaut. |
|
| 905 | _aLibro | ||
| 999 |
_c7802 _d7802 |
||